General knowledge of sports - Statistics

General Stats
  • This quiz has been taken 79 times
  • The average score is 13 of 20
Answer Stats
Název Answer % Correct
Name the athlete who has the most olympic medails in history? Michael Phelps
94%
Which country has the most wins in the FIFA World Cup? Brazil
91%
Which athlete broke the most running records? Usain Bolt
91%
Name the most famous cycling race in the world? Tour de France
89%
In which sport is the Stanley Cup awarded? Ice Hockey
88%
Which basketball player has his own clothing brand? Michael Jordan
84%
In which city is the Australian Open played? Melbourne
77%
Which NBA team holds the record for the longest win streak? Los Angeles Lakers
75%
Which F1 team did Niki Lauda drive for when he crashed at the German Grand Prix? Ferrari
70%
What is the mandatory tyre change during an F1 race called? Pit stop/box
69%
How many olympic gold has Michael Phelps won? 23
66%
What is the slowest swimming style? Breaststroke
64%
Which F1 driver got 7 titles first? Michael Schumacher
59%
Which team won the first ever superbowl? Green Bay Packers
53%
What is the name of the derby between Real Madrid and Barcelona? El clasico
50%
In what year did Seattle Kraken enter the NHL? 2021
47%
Which country has never appeared at the olympic games? Vatican
41%
How many meters is the longest swimming race at the olympic games? 1500
39%
Which Moto GP driver has the most race starts in history? Valentino Rossi
17%
Which Czech athlete won two gold medals each in a different discipline at the 2018 winter olympics? Ester Ledecka
3%
No matching quizzes found
Score Distribution
Percent of People with Each Score
Percentile by Number Answered
Your Score History
You have not taken this quiz